| 000 | 00427nam a22001697a 4500 | ||
|---|---|---|---|
| 005 | 20180411113111.0 | ||
| 008 | 160625b xxu||||| |||| 00| 0 eng d | ||
| 020 | _a0-19-511589-9 | ||
| 041 | _aeng | ||
| 082 |
_b10042 _a338.9 |
||
| 100 |
_aMrier, Gerald M and Rauch, James E. _92755 |
||
| 245 | _aLeading Issues in Economic Development | ||
| 260 |
_bOxford _c2004 |
||
| 300 | _a566 | ||
| 650 |
_aManagement _9241 |
||
| 942 | _cBK | ||
| 999 |
_c3978 _d3977 |
||